000 00269nam a2200109Ia 4500
008 200302s9999 xx 000 0 und d
100 _aP. S. Sawhney
245 _aWorking Details of Steel Structures
260 _bMacmillan and Co. Ltd.
260 _c1986
300 _a52 P.,
999 _c944
_d944